000 00615 a2200217 4500
003 CBULib
005 20251119111251.0
008 251119b |||||||| |||| 00| 0 eng d
020 _a9781452257891
040 _bEnglish
_cCBULib
_erda
041 _deng
050 _aHM1261
100 _aTrimbale E Joseph
245 _aDiversity and Leadership
_c/ by jean lau chin and Joseph E. Trimble
260 _bSage
_c2015 :
_aLondon :
300 _aXvii 320 pages : illustrations
336 _2rdacontent
_aText |
_btxt
337 _2rdamedia
_aUnmediated |
_bn
338 _2rdacarrier
_aVolume
_bnc
942 _2lcc
_c002
999 _c86583
_d86583